Ultimate Geography Challenge 'H' Quiz Stats

 Plays Quiz Updated Jul 24, 2016

Challenge
Share
Tweet
Embed
Score 0/13 Timer 03:00
7 Plays Today
Hint Answer % Correct
US StateHawaii
95.2%
CountryHaiti
85.3%
CountryHonduras
84.9%
CountryHungary
82.6%
State CapitalHonolulu
79.6%
CapitalHelsinki
68.7%
State CapitalHelena
60.8%
State CapitalHarrisburg
60.8%
CapitalHanoi
60.4%
CapitalHavana
58.6%
State CapitalHartford
57.1%
CapitalHarare
49.3%
CapitalHoniara
37.1%

You're not logged in!

Compare scores with friends on all Sporcle quizzes.
OR
Log In

You Might Also Like...

Show Comments

Extras

Top Quizzes Today


Score Distribution

Your Account Isn't Verified!

In order to create a playlist on Sporcle, you need to verify the email address you used during registration. Go to your Sporcle Settings to finish the process.

Report this User

Report this user for behavior that violates our Community Guidelines.

Details: